[Event "Interzonal-16"]
[Site "Biel"]
[Date "1993.??.??"]
[Round "2"]
[White "Hjartarson, Johann"]
[Black "Arencibia Rodriguez, Walter"]
[Result "1/2-1/2"]
[WhiteElo "2605"]
[BlackElo "2485"]
[Annotator "Ernst,T"]
[PlyCount "153"]
[EventDate "1993.07.16"]
[EventType "swiss"]
[EventRounds "13"]
[EventCountry "SUI"]
[SourceTitle "CBM 037"]
[Source "ChessBase"]
[SourceDate "1993.12.01"]
[SourceVersion "1"]
[SourceVersionDate "1993.12.01"]
[SourceQuality "1"]

1. e4 e5 2. Nf3 Nc6 3. Bb5 a6 4. Ba4 Nf6 5. O-O Be7 6. Re1 b5 7. Bb3 d6 8. c3
O-O 9. h3 Nd7 10. d4 Bf6 11. Be3 (11. a4 Bb7 12. Na3 $14) 11... Na5 12. Bc2 Nc4
13. Bc1 Bb7 14. b3 (14. d5 Qe7 15. a4 Ncb6 16. a5 Nc8 17. Nbd2 c6 18. dxc6 Bxc6
19. Nf1 $14 {Damjanovic,M-Shabtai,R/Tel Aviv-B/1991/}) (14. a4 d5 $1 (14...
exd4 $5 15. cxd4 c5 16. axb5 $1 cxd4 $1 (16... axb5 17. Rxa8 Qxa8 18. dxc5 Nxc5
19. b3 Ne5 20. Nxe5 Bxe5 $10 {Almasi,Z-Timoshenko,G/Budapest Festival/1991/})
17. bxa6 Rxa6 18. Rxa6 Bxa6 19. Nxd4 Qb6 $44 {Ivanchuk-Karpov/Reggio Emilia/
1989-90/}) (14... Re8 15. d5 bxa4 (15... Be7 16. b3 Na5 17. Nbd2 c6 18. b4 Nc4
19. Nxc4 bxc4 20. dxc6 Bxc6 $10 {Brodsky,M-Kruppa,Y/URS-chJ Kherson/1991}) 16.
Rxa4 Ncb6 17. Ra5 c6 18. dxc6 Bxc6 19. Na3 Nc5 20. Qe2 Nba4 $13 {Shmuter,
L-Kruppa,Y/Ukraina-ch Simferopol/1990/}) (14... c5 15. d5 Ncb6 16. b3 g6 17.
Qe2 c4 18. b4 $14 {Dolmatov,S-Balashov,Y/URS-chT/1988/}) 15. axb5 (15. dxe5 {
Kasparov-Karpov/New York wch(8)/1990/} dxe4 $1 16. exf6 exf3 17. fxg7 Re8 $44 {
Georgadze}) 15... axb5 (15... dxe4 $6 16. bxa6 exf3 17. Qd3 g6 18. Qxc4 exd4
19. Bh6 $16 {Khalifman,A-Wells,P/London/1991/}) 16. Rxa8 Bxa8 17. exd5 Bxd5 18.
b3 Bxf3 19. Qxf3 Nd6 $10 {Khalifmam,A-Razuvaev,Y/BRD 52/(349)/1991/}) 14...
Ncb6 15. Be3 (15. Bb2 $6 Re8 $10 {Elseth,R-Tisdall,J/NOR-ch/1991/}) (15. d5 Be7
16. Nbd2 c6 17. dxc6 Bxc6 18. c4 Nc5 19. Ba3 Qc7 $10 {Apicella,M-Boudre,JP/
Torcy op/1991/}) 15... Re8 (15... exd4 16. cxd4 Re8 (16... c5 17. Nbd2 cxd4 18.
Bxd4 Ne5 19. Rc1 Re8 20. Bb1 $14 {Brunner,L-Arnason,J/Oakham/1988/}) 17. Nbd2
c5 18. Rc1 cxd4 19. Bxd4 Rc8 20. Nf1 Ne5 21. N3h2 Nc6 $5 $10 {Morgado,JS-Bang,
E/CCYB 4/249/1990/} (21... g6 22. Qd2 $14 {Hjartarson,J-Short,N/Beograd/1987/})
) 16. d5 Qc8 17. Nbd2 c6 18. c4 $14 cxd5 19. cxd5 Qc3 20. a4 Rec8 21. Ra2 bxa4
22. bxa4 a5 23. Nb1 Qc4 24. Rb2 Ba6 25. Nfd2 Qc7 26. Na3 Nc5 27. Nb5 Qd8 28.
Qa1 Be7 29. Reb1 Nbd7 30. Qa2 Nf6 31. Kh2 g6 32. g3 h5 33. f3 h4 34. g4 Ne8 35.
Nc4 Bg5 $1 $132 36. Bf2 Qf6 37. Kg2 Nd7 38. Bd3 Qf4 39. Be2 Ndf6 40. Nb6 Bxb5
41. axb5 Rc3 42. Nxa8 Nxe4 $5 43. Qa4 $1 (43. fxe4 $2 Qxe4+ 44. Kf1 Qh1+ 45.
Bg1 Be3 $17) 43... N8f6 44. Rh1 (44. fxe4 $2 Nxe4 45. Rf1 Rg3+ 46. Bxg3 Qxg3+
47. Kh1 Qxh3+ 48. Kg1 Be3+ $19) (44. b6 Ra3 45. Qxa3 Nxf2 46. Kxf2 Qg3+ (46...
Ne4+ 47. Kf1 Ng3+ 48. Kg2 $18) (46... Qh2+ 47. Ke1 Qg1+ 48. Bf1 $18) 47. Kf1
Nxd5 (47... Ne4 $2 48. fxe4 Qxa3 49. Rb3 $18) (47... e4 48. b7 e3 49. b8=Q+ Kg7
50. Bd1 $18 Nxd5) (47... Qxh3+ 48. Ke1) 48. Rb3 Qxh3+ $2 (48... Nf4 $3 $44) 49.
Ke1 Qg3+ 50. Kd1 Qg1+ 51. Kc2 Qf2 52. R1b2 Qxe2+ 53. Kb1 Qd1+ 54. Ka2 $18)
44... Ra3 $1 45. Qxa3 Nxf2 46. Kxf2 Qg3+ 47. Kf1 Nxd5 48. Rg1 Qxh3+ (48... Ne3+
$5 49. Qxe3 Qxh3+ 50. Kf2 (50. Rg2 Bxe3) 50... Qh2+ $1 51. Rg2 Bxe3+ 52. Kxe3
Qxg2 53. b6 Qg1+ 54. Kd2 Qd4+ 55. Kc2 Qf2 56. Kd3 Qd4+ $10) 49. Ke1 Qh2 50. Bf1
Qxg1 51. Rg2 Qa7 52. b6 Qxa8 53. Qxd6 Be7 54. Qxe5 Bb4+ 55. Kd1 Nxb6 56. Qe4
$13 Qd8+ 57. Kc2 Qc7+ 58. Kb1 Na4 $6 (58... h3 59. Rc2 Qg3 $13) 59. Qe8+ Kg7
60. Qxa4 h3 61. Rc2 Qg3 62. Qa1+ Kg8 63. Rc8+ Bf8 64. Rxf8+ (64. Qa3 Qe1+ 65.
Kc2 Qf2+ 66. Kc3 Qe1+ $2 (66... Qe3+ $1 67. Bd3 Qh6 68. g5 (68. f4 $5 h2 69.
Rxf8+ (69. Be4 Qh3+ 70. Bd3 Qh6) 69... Qxf8 70. Qxf8+ Kxf8 71. Be4 $14) 68...
Qg7+ 69. Kc2 h2 70. Qc1 Qd4 $14) 67. Kd4 Qf2+ 68. Kd5 Qd2+ 69. Qd3 $1 Qg5+ 70.
Kc6 $16) 64... Kxf8 65. Qh8+ Ke7 66. Qxh3 Qe1+ 67. Kc2 Qf2+ 68. Kd1 Qd4+ 69.
Ke1 a4 $14 70. Qg2 Qa1+ 71. Kd2 a3 72. Qe2+ Kf8 73. Qd3 a2 74. Qa3+ Kg8 75. Bd3
Qb1 $1 76. Qa8+ Kg7 77. Bxb1 1/2-1/2

[Event "Rishon Le Ziyyon YM"]
[Site "Rishon Le Ziyyon"]
[Date "1995.??.??"]
[Round "1"]
[White "Shmuter, Leonid"]
[Black "Davies, Nigel Rodney"]
[Result "1-0"]
[WhiteElo "2480"]
[BlackElo "2530"]
[Annotator "Ernst,T"]
[PlyCount "65"]
[EventDate "1995.02.??"]
[EventType "tourn"]
[EventRounds "11"]
[EventCountry "ISR"]
[EventCategory "11"]
[SourceTitle "CBM 046"]
[Source "ChessBase"]
[SourceDate "1995.06.01"]
[SourceVersion "1"]
[SourceVersionDate "1995.06.01"]
[SourceQuality "1"]

1. e4 e5 2. Nf3 Nc6 3. Bb5 a6 4. Ba4 Nf6 5. O-O Be7 6. Re1 b5 7. Bb3 d6 8. c3
O-O 9. h3 Be6 10. d4 Bxb3 11. axb3 exd4 12. cxd4 Nb4 13. d5 c5 14. dxc6 d5 15.
e5 Ne4 16. Nc3 Nxc3 17. bxc3 Nxc6 18. Qd3 Re8 19. e6 fxe6 20. Rxe6 Qd7 21. Re2
b4 {[#]} 22. Bb2 $1 $16 {N} (22. c4 {Gofshtein,L-Davies,N/Rishon le Zion/1994/
CBM 45/}) 22... bxc3 (22... Bf6 $2 23. Rxe8+ Rxe8 24. Rxa6 $16) 23. Bxc3 a5 24.
Ne5 Nxe5 25. Rxe5 d4 (25... Red8 26. Rxa5 Rxa5 27. Bxa5 Bf6 28. Rh5 $18) 26.
Bxd4 $18 Bb4 27. Rg5 g6 (27... Re7 28. Qc4+ Kh8 29. Qxb4 axb4 30. Rxa8+ Re8 31.
Rxe8+ $1 Qxe8 32. Rxg7 Qe1+ 33. Kh2 $18) 28. Rxg6+ hxg6 29. Qxg6+ Kf8 30. Qh6+
Kg8 31. Qh8+ Kf7 32. Qg7+ Ke6 33. Qg4+ (33. Qg4+ Kd6 34. Be5+ Kc6 35. Rc1+ $18)
1-0

[Event "Corus-B"]
[Site "Wijk aan Zee"]
[Date "2006.01.28"]
[Round "12"]
[White "Vescovi, Giovanni P"]
[Black "L'Ami, Erwin"]
[Result "0-1"]
[WhiteElo "2633"]
[BlackElo "2550"]
[Annotator "Finkel,A"]
[PlyCount "104"]
[EventDate "2006.01.14"]
[EventType "tourn"]
[EventRounds "13"]
[EventCountry "NED"]
[EventCategory "15"]
[SourceTitle "CBM 111"]
[Source "ChessBase"]
[SourceDate "2006.04.04"]
[SourceVersion "1"]
[SourceVersionDate "2006.04.04"]
[SourceQuality "1"]

1. e4 e5 2. Nf3 Nc6 3. Bb5 a6 4. Ba4 Nf6 5. O-O Be7 6. Re1 b5 7. Bb3 d6 8. c3
O-O 9. h3 Bb7 10. d4 Re8 11. Ng5 Rf8 12. Nf3 Re8 13. Nbd2 Bf8 14. a4 h6 15. Bc2
exd4 16. cxd4 Nb4 17. Bb1 c5 18. d5 Nd7 19. Ra3 c4 $5 {After the famous game
Anand-Admas in the WC in Saint-Luis this line was neglected for a while in
favor of 19...f5. However the latest games with ...f5 turned out to be
disastrous for Black so it's natural to look for improvements in other
direction.} (19... f5) 20. axb5 axb5 21. Nd4 Qb6 22. Nf5 Ne5 23. Rg3 g6 24. Nf1
$6 {[%csl Rf1] I guess Vescovi suspected that his opponent prepared an
improvement, so he decided to deviate from the game Anand-Adams in favor of
the move in the game. The problem is Black seems to be doing great after the
move in the game!} (24. Nf3 Ned3 25. Qd2 Bxd5 $2 26. Nxh6+ Bxh6 27. Qxh6 Qxf2+
28. Kh2 Nxe1 29. Nh4 Ned3 30. Nxg6 Qxg3+ 31. Kxg3 fxg6 32. Qxg6+ Kf8 33. Qf6+
Kg8 34. Bh6 {1-0 Anand,V-Adams,M/San Luis 2005}) 24... Nbd3 25. Be3 Qd8 26. f4
(26. Re2 Ra1 27. Bd4 Kh7 28. b3 Rxb1 29. Qxb1 Nf4 30. Re1 gxf5 31. bxc4 Qc8 $15
{Wang Zili-Yang Wuming/China 1987}) 26... Nxb2 27. Qd2 Ned3 28. Bd4 Qa5 $5 {
Black is concerned with White's dark-squared bishop, so he prefers to get rid
of it instead of winning an exchange.} (28... Nxe1 $5 29. Bxb2 Qa5 30. Bc3 (30.
Qd4 $2 Qa7 $19) 30... b4 31. Bd4 c3 32. Qxe1 Qxd5 $13 {[%cal Ge8e4]}) 29. Bc3
Qb6+ 30. Kh2 Na4 $1 (30... Nxe1 $6 31. Bxb2 b4 32. Bd4 Qb5 33. Qxe1 $36 {
[%csl Gd4]}) 31. Bxd3 cxd3 32. N1e3 {White can't keep the bishop on the board
as after} (32. Ba1 $2 Nc5 33. Qb2 Rxa1 34. Qxa1 Nxe4 $17 {Black is doing great.
}) 32... Nxc3 33. Qxc3 h5 34. Qxd3 Ra4 35. Qd1 {Entering very interesting
complications.} (35. Nd1 $5) 35... Kh7 36. Rg5 $5 Raxe4 37. Rxh5+ Kg8 (37...
gxh5 $2 38. Qxh5+ Kg8 39. Qg5+ Kh8 40. Ng4 $18 {[%csl Rh8][%cal Gg4f6,Gg5h5]})
38. Ng4 (38. Qg4 $5 {deserved attention:} Rxe3 39. Qh4 gxh5 (39... Bg7 40. Nxg7
Rxe1 41. Rh8+ Kxg7 42. Rh7+ $11) 40. Qg5+ Kh8 41. Qxh5+ $11 {with a draw.})
38... Bg7 39. Nxg7 $1 (39. Rxe4 $2 Rxe4 40. Nxg7 Kxg7 41. Rh7+ Kxh7 42. Nf6+
Kh6 43. Nxe4 Qe3 $19) 39... Rxe1 40. Nxe8 Qg1+ (40... Rxd1 $4 41. Nef6+ Kf8 42.
Rh8+ Ke7 43. Re8#) 41. Kg3 gxh5 42. Nef6+ Kf8 43. Qc2 hxg4 44. Qc7 Re3+ 45. Kh4
Qe1+ 46. Kh5 (46. Kg5 gxh3 47. Qxd6+ Re7 48. Nd7+ Kg8 49. Nf6+ Kg7 50. Nh5+ Kf8
51. Qh6+ Ke8 52. Nf6+ Kd8 53. Qf8+ Kc7 $19) 46... Kg7 $1 (46... gxh3 47. Qd8+
Re8 (47... Kg7 48. Qg8+ Kxf6 49. Qg5#) 48. Nd7+ Kg7 49. Qg5+ Kh8 50. Qh6+ Kg8
51. Nf6#) (46... Re5+ $2 47. fxe5 Qxe5+ 48. Kxg4 Qxf6 49. Qxb7 $11) 47. Qxd6 (
47. Kg5 gxh3 48. Nh5+ Kg8 49. Nf6+ Kf8 50. Qxd6+ Re7 51. Nd7+ Kg8 52. Nf6+ Kg7
53. Nh5+ Kf8 $19) 47... gxh3 48. Ng4 Qd1 49. f5 (49. Qh6+ Kg8 50. Kh4) 49...
Qxg4+ $2 {Missing a win after} (49... h2 $1 50. Qh6+ Kg8 51. Qg5+ Kf8 52. Qh6+
Ke8 53. Qxe3+ Kd7 54. Kg5 Qxg4+ 55. Kxg4 h1=Q $19) 50. Kxg4 hxg2 51. f6+ $2 {
Returning the favor!} (51. Qh2 Bxd5 52. f6+ Kg8 53. Qb8+ Kh7 54. Qh2+ $11 Kg6
$140 $2 55. Qh5+ Kxf6 56. Qg5+ Ke6 57. Qxe3+ $18) 51... Kg6 52. Qh2 Re5 $1 {
[%cal Ge5g5]} 0-1

[Event "Corus"]
[Site "Wijk aan Zee"]
[Date "2006.01.19"]
[Round "5"]
[White "Karjakin, Sergey"]
[Black "Bacrot, Etienne"]
[Result "1-0"]
[WhiteElo "2660"]
[BlackElo "2717"]
[Annotator "Finkel,A"]
[PlyCount "81"]
[EventDate "2006.01.14"]
[EventType "tourn"]
[EventRounds "13"]
[EventCountry "NED"]
[EventCategory "19"]
[SourceTitle "CBM 111"]
[Source "ChessBase"]
[SourceDate "2006.04.04"]
[SourceVersion "1"]
[SourceVersionDate "2006.04.04"]
[SourceQuality "1"]

{[%mdl 1]} 1. e4 {Ftacnik} e5 2. Nf3 Nc6 3. Bb5 a6 4. Ba4 Nf6 5. O-O Be7 6. Re1
b5 7. Bb3 d6 8. c3 O-O 9. h3 Bb7 10. d4 Re8 11. Nbd2 Bf8 12. a4 h6 13. Bc2 exd4
14. cxd4 Nb4 15. Bb1 c5 16. d5 Nd7 17. Ra3 f5 $6 {This move is justly
considerd to be very dangerous for Black. The following game proves the
credibility of this theoretical evaluation once again!} 18. Nh2 {White wants
Black to exchange on e4 in this line. The open diagonal b1-h7 and a very
strong rook on the 3rd rank offer excellent attacking chances.} Nf6 19. Rf3 $1
{Encouraging Black to capture on e4.} fxe4 {Ftacnik: 'Bacrot is opting for the
less usual line connected with great risk. White forces are ready to fully
concentrate on the black king and the main line 19...Re5! is trying to slow
down enemy's initiative. '} ({Also after} 19... Re5 {Black's defensive task is
far from being easy.} 20. Rxf5 Rxf5 21. exf5 Bxd5 22. Ng4 bxa4 (22... c4 23.
Nf3 bxa4 24. Bd2 Nd3 25. Bxd3 cxd3 26. Bc3 Nxg4 27. hxg4 Bc4 28. Qxa4 $14 {
Kulaots,K-Sulskis,S/Tallin 2006}) 23. Ne4 Be7 24. Nexf6+ Bxf6 25. Bd2 Bb3 26.
Qf3 Rb8 27. Bxh6 $1 $18 {Harikrishna,P-Vescovi,G/Khanty Mansiysk 2005}) 20.
Nxe4 Nbxd5 21. Ng4 {[%csl Rg8][%cal Gd1d3]} Kh8 ({After the capture on g4
White's pawn could be used to open up the cover of the black king.} 21... Nxg4
22. hxg4 Nb4 23. g5 Bxe4 24. Rxe4 Rxe4 25. Bxe4 d5 26. Bf5 Qe7 27. gxh6 Qe5 28.
hxg7 Bxg7 29. Bg4 $16 {Farkas,Z-Sorroche Lupion,F/SEMI 2001}) (21... Nxe4 {
Ftacnik} 22. Bxe4 Rxe4 (22... Nc3 23. Rxf8+ $1 Kxf8 24. Qf3+ Kg8 25. Nxh6+ $1
gxh6 26. Qg3+ Kh8 27. Qxc3+) 23. Rxe4 Nc7 24. Nf6+ (24. Nxh6+ $18) 24... gxf6
25. Rg3+ Kh8 26. Rh4 $18) 22. Bd2 $1 {This move is definitely better than 22.
Bxh6 which has been played in an old correspondance game.} (22. Bxh6 Nxe4 23.
Rxe4 Rxe4 24. Bxe4 Nc3 25. bxc3 Bxe4 26. Re3 Bc6 $132 {Andresen,T-Lumley,W/
corr 1995}) (22. b3 {Ftacnik} Nxe4 23. Bxe4 Rxe4 24. Rxe4 Nc3 25. Rxc3 Bxe4 $17
) 22... Nxe4 {'?' Ftacnik. A logical attempt to get rid of the white
light-squared bishop, but White can manage well enough without it.  Ftacnik:
'Most probably the decisive mistake in the game. The future battles may center
around the line 22...Nxg4.'} (22... Nxg4 {Ftacnik} 23. hxg4 Qd7 (23... Nf6 24.
Nxf6 gxf6 (24... Bxf3 $2 25. Qc2 $1 $18) 25. Rxe8 Qxe8 26. Qc2 Qd7 27. Bc3 $1
Bxf3 28. Qg6 $1 Qg7 29. Bxf6 $18) 24. g5 Re6 $13) (22... b4 {Ftacnik} 23. Qc2
$40) 23. Rxe4 Rxe4 24. Bxe4 Nc3 ({After} 24... Qe7 $2 {White would've launched
the decisive attack on the light squares.} 25. Bb1 c4 26. Qc2 {[%csl Rh8]} g5
27. Qg6 {[%cal Gf3f7]} Qg7 28. Rf7 Qxg6 29. Bxg6 Bc6 30. Bc3+ Nxc3 31. Rh7+ Kg8
32. Nf6#) 25. Bxc3 Bxe4 26. Rf4 {Ftacnik: 'Karjakin will perform the decisive
phase of the attack with exeptional vigour. It made little sense to sacrifice
the exchange with the help of the move 26.Nxh6, since the attacker would have
been left with too little firepower to finish the deed.'} Bg6 {[%csl Gf7]
Covering the square f7 as White's knight is coming to h6.} (26... d5 $2 27.
Nxh6 Bg6 28. Qg4 Kh7 29. Qe6 Kxh6 30. Rg4 Qe8 31. Rh4+ Kg5 32. Qg4#) (26... Qe8
27. Nxh6 Qg6 28. Rg4 Qe6 29. Rh4 Be7 30. Qg4 $1 (30. Rh5 Bf8) 30... Qxg4 31.
Rxg4 Bf8 32. Rxe4 b4 33. Nf5 bxc3 34. bxc3 Kg8 $16) 27. Nxh6 {[%cal Gh6f7]} Qg5
(27... d5 28. Qg4 {is similar to 26...d5?.}) 28. Qf3 $1 {It's about time to
enjoy some material gains.} Qxh6 (28... Kh7 29. Nf7 Bxf7 30. Rxf7 $18 {and
Black loses a piece.}) 29. Bd2 $1 $18 {[%csl Ra8,Rf8,Rh6] Forcing Black to
give up a queen. In case of} (29. Rxf8+ Rxf8 30. Qxf8+ Kh7 31. Qxd6 Be4 $16 {
Black could put up some resistance, even though an endgame should be winning
for White.}) 29... Qxf4 30. Bxf4 Re8 31. axb5 axb5 32. Qc6 Kh7 ({Of course not
} 32... b4 33. Bxd6 Re6 34. Qc8 $18) 33. Qxb5 d5 34. Qd7 d4 35. h4 $1 {A very
important move which does not allow Black to coordinate his pieces.} Re4 36.
Bg3 (36. Bd6 $5 Bxd6 37. Qxd6 Re1+ 38. Kh2 Re2 39. h5 $18) 36... Be7 37. h5
Bxh5 ({Nothing changes} 37... Re1+ 38. Kh2 Bxh5 39. f3 Re2 40. b4 c4 41. b5 d3
42. b6 $18 {and White promotes a pawn.}) 38. f3 Re2 39. Kf1 Rxb2 40. Qxe7 Rb1+
41. Kf2 {A very powerful performance by young Ukrainian grandmaster!} 1-0

[Event "FIDE World Cup"]
[Site "Khanty-Mansiysk"]
[Date "2005.12.01"]
[Round "2.2"]
[White "Harikrishna, Pentala"]
[Black "Vescovi, Giovanni P"]
[Result "1-0"]
[WhiteElo "2673"]
[BlackElo "2646"]
[Annotator "Ftacnik,L"]
[PlyCount "61"]
[EventDate "2005.11.27"]
[EventType "k.o."]
[EventRounds "7"]
[EventCountry "RUS"]
[SourceTitle "CBM 111"]
[Source "ChessBase"]
[SourceDate "2006.04.04"]
[SourceVersion "1"]
[SourceVersionDate "2006.04.04"]
[SourceQuality "1"]

1. e4 e5 2. Nf3 Nc6 3. Bb5 a6 4. Ba4 Nf6 5. O-O Be7 6. Re1 b5 7. Bb3 d6 8. c3
O-O 9. h3 Bb7 10. d4 Re8 11. Nbd2 Bf8 12. a4 h6 13. Bc2 exd4 14. cxd4 Nb4 15.
Bb1 c5 16. d5 Nd7 17. Ra3 f5 18. Nh2 Nf6 19. Rf3 Re5 20. Rxf5 Rxf5 21. exf5
Bxd5 22. Ng4 bxa4 $6 {vescovi has grown into a very strong grandmaster, but in
this position his sense of danger has failed him. The main defensive concepts
are either 22...Bf7 or the new idea 22...Ra7!? with a transfer of rook to the
center along the 7th rank.} (22... Bf7 23. Ne4 Nxg4 24. Qxg4 d5 25. f6 h5 (
25... dxe4 26. fxg7 Bxg7 27. Bxh6 Qf6 28. Qxe4 Nd5 29. Qh7+ Kf8 30. Qh8+ Bg8
31. Bh7 Kf7 32. Bxg7 Qxg7 33. Bxg8+ Qxg8 34. Qh5+ Kf8 35. Re5 Qxg2+ 36. Kxg2
Nf4+ 37. Kf3 Nxh5 38. Rxh5 {1/2-1/2 Morozevich,A-Grischuk,A/Dubai 2002/ (60)})
26. Qf5 Qc8 27. Qxc8 Rxc8 28. fxg7 Bxg7 29. Nd6 Rd8 30. Nb7 Rc8 31. axb5 axb5
32. Bf5 {1-0 Leko,P-Almasi,Z/Monte Carlo 2002/ (78)}) (22... Ra7 $5 23. Ne4
Bxe4 24. Bxe4 Nxg4 25. Qxg4 d5 26. Bb1 Re7 27. Rd1 Qd6 28. Bd2 Nc6 {1/2-1/2
Morozevich,A-Beliavsky,A/Hyderabad 2002/ (33)}) 23. Ne4 (23. Nxf6+ Qxf6 24. Ne4
Bxe4 25. Rxe4 Ra7 26. Re6 Qd4 27. Qe2 d5 28. f6 Qc4 29. fxg7 Qxc1+ 30. Kh2 Kxg7
31. Bg6 Qg5 {0-1 Zarychta,K-Matras,A /Wysowa 2003/}) 23... Be7 $2 {Only this
defensive move is positively false. Black is losing too much time for the
improvement of his bishop.;} (23... Nxe4 $1 24. Bxe4 Bb3 25. Qf3 d5 (25... Ra7
26. f6 $1 $16) 26. Bb1 Nc2 27. Bxc2 Bxc2 28. Qg3 Kh8 29. Nxh6 $13) 24. Nexf6+
Bxf6 25. Bd2 (25. Qxa4 $5 Bf7 26. Qa3 $14) 25... Bb3 (25... Bxb2 26. Bxb4 Bb3
27. Qd2 cxb4 28. Qxb2 $16) 26. Qf3 (26. Qe2 Rb8 27. Nxf6+ Qxf6 28. Bc3 Qf7 $13)
26... Rb8 27. Bxh6 $1 {[%mdl 128] The indian super grandmaster has a very
dangerous gift to spot even well hidden tactical ideas. Black king will have a
very hard time without h6 pawn.} (27. Nxf6+ Qxf6 28. Bc3 Qf8 29. Qe4 $14) 27...
Qf8 (27... Bxb2 28. f6 $1 gxh6 29. Qf5 Kf8 30. Qg6 Rb7 31. Qxh6+ Kg8 32. Qg6+
Kf8 33. Qh5 $1 $18) (27... gxh6 28. Re8+ Qxe8 29. Nxf6+ Kf8 30. Nxe8 Rxe8 31.
f6 $18) 28. Qg3 (28. Nxf6+ Qxf6 29. Bf4 Nd5 30. Bc1 $16) 28... Bxb2 (28... Nc2
29. Bxc2 Bxc2 30. Nxf6+ Qxf6 31. Re6 Qf7 (31... Qd4 32. f6 g6 33. Rxd6 $18) 32.
Rg6 $18) 29. Bxg7 $1 {Nimzowitsch would surely have been deligted by this
combination. Harikrishna is winning with the blow against the spot, that
should have belonged to the mightest in the black's camp.} Bxg7 (29... Qxg7 30.
f6 Qf8 (30... Qg5 31. Nh6+ $18) (30... Bxf6 31. Nxf6+ Kf7 32. Re7+ $18) 31.
Ne5+ $18) 30. f6 Nd5 (30... Bxf6 31. Nxf6+ Kh8 32. Qh4+ Kg7 33. Qh7+ Kxf6 34.
Qg6#) 31. f7+ $1 (31. f7+ $1 Kxf7 (31... Qxf7 32. Nh6+ $18) (31... Kh8 32. Qh4+
Bh6 33. Nxh6 Kg7 34. Qg5+ Kh8 35. Qg6 $18) 32. Nh6+ Bxh6 33. Qg6#) 1-0